Machinery component maintenance and repair /

Saved in:
Bibliographic Details
Main Author: Bloch, Heinz P., 1933-
Other Authors: Geitner, Fred K.
Format: Book
Language:English
Published: Houston : Gulf Pub. Co., Book Division, 1985.
Series:Bloch, Heinz P., 1933- Practical machinery management for process plants ; v. 3.
Subjects:
LEADER 01404nam a2200325 a 4500
001 c000186927
003 CARM
005 20050630194622.0
008 840720s1985 txua b 001 0 eng
010 |a 84015738 //r883 
019 1 |a 3315759  |5 LACONCORD2021 
020 |a 0872014533 
035 |a (OCoLC)11043968  |5 LACONCORD2021 
040 |a LC  |b eng  |c LC  |d LC 
050 0 0 |a TJ153  |b .B583 1985 
082 0 0 |a 670/.28/8  |2 19 
100 1 |a Bloch, Heinz P.,  |d 1933- 
245 1 0 |a Machinery component maintenance and repair /  |c Heinz P. Bloch and Fred K. Geitner. 
260 |a Houston :  |b Gulf Pub. Co., Book Division,  |c 1985. 
300 |a x, 566 p. :  |b ill. ;  |c 24 cm. 
490 1 |a Practical machinery management for process plants ;  |v v. 3 
504 |a Includes bibliographical references and index. 
505 |a Contents: v.3. Machinery component maintenance and repair-- v.4. Major process equipment maintenance and repair. 
650 0 |a Machinery  |x Maintenance and repair. 
650 0 |a Industrial equipment  |x Maintenance and repair. 
700 1 |a Geitner, Fred K. 
800 1 |a Bloch, Heinz P.,  |d 1933-  |t Practical machinery management for process plants ;  |v v. 3. 
852 8 |b CARM  |h A2:AQ02B0  |i C07760  |p 0169961  |f BK 
999 f f |i b106895e-f55a-5bb4-ab36-d14c690234b6  |s 3f16142e-7598-58c1-8335-8b94bfca753c 
952 f f |p Can circulate  |a CAVAL  |b CAVAL  |c CAVAL  |d CARM 1 Store  |e C07760  |f A2:AQ02B0  |h Other scheme  |i book  |m 0169961